ბათუმის შოთა რუსთაველის სახელმწიფო უნივერსიტეტის ბიბლიოთეკა

Сборник заданий для курсовых работ по теоретической механике. (ბიბ.ჩანაწერი № 37114)

000 -LEADER
fixed length control field 00882nam a2200229Ia 4500
001 - CONTROL NUMBER
control field 3070
003 - CONTROL NUMBER IDENTIFIER
control field GE_BSU
008 - FIXED-LENGTH DATA ELEMENTS--GENERAL INFORMATION
fixed length control field 181216s||||||||xx |||||||||||||| ||und||
040 ## - CATALOGING SOURCE
Transcribing agency GE_BSU
080 ## - UNIVERSAL DECIMAL CLASSIFICATION NUMBER
Universal Decimal Classification number 531.8(076.5)
100 ## - MAIN ENTRY--PERSONAL NAME
Personal name Яблонский,А.А. Норейко,С.С. Вольфсон,С.А. и др.
245 ## - TITLE STATEMENT
Title Сборник заданий для курсовых работ по теоретической механике.
245 ## - TITLE STATEMENT
Remainder of title Учеб. пособие для техн.вузов.
245 ## - TITLE STATEMENT
Statement of responsibility, etc. Под ред. А.А.Яблонского.
250 ## - EDITION STATEMENT
Edition statement Изд 4-ое, перераб. и доп.
260 ## - PUBLICATION, DISTRIBUTION, ETC.
Place of publication, distribution, etc. М.
260 ## - PUBLICATION, DISTRIBUTION, ETC.
Name of publisher, distributor, etc. Высш. шк.
260 ## - PUBLICATION, DISTRIBUTION, ETC.
Date of publication, distribution, etc. 1985.
300 ## - PHYSICAL DESCRIPTION
Extent 367 стр. с илл. 21 см.
653 ## - INDEX TERM--UNCONTROLLED
Uncontrolled term Сборник заданий для курсовых работ по теоретической механике.
942 ## - ADDED ENTRY ELEMENTS (KOHA)
Koha item type წიგნი
ეგზემპლარები
Withdrawn status Lost status Damaged status Not for loan Date acquired Barcode Date last seen Price effective from Koha item type
        2018-12-17 8668 2018-12-17 2018-12-17 წიგნი